Normal view
MARC view
- Hafiz Madeha Khaliq-sup-Dr. Sobia Manzoor
Entry Personal Name
001 - CONTROL NUMBER
- control field: 28251
003 - CONTROL NUMBER IDENTIFIER
- control field: NUST
005 - DATE AND TIME OF LATEST TRANSACTION
- control field: 20200203110503.0
008 - FIXED-LENGTH DATA ELEMENTS
- fixed length control field: 200203|| aca||aabn | a|a d
040 ## - CATALOGING SOURCE
- Original cataloging agency: NUST
- Transcribing agency: NUST
100 ## - HEADING--PERSONAL NAME
- Personal name: Hafiz Madeha Khaliq-sup-Dr. Sobia Manzoor
670 ## - SOURCE DATA FOUND
- Source citation: Work cat.: (NUST)480857: Hafiz Madeha Khaliq-sup-Dr. Sobia Manzoor, TH-MS-ROLE OF HOST FACTORS TO ACHIEVE SUSTAINED VIROLOGICAL RESPONSE (SVR) IN CHRONIC HCV PATIENTS, 2013
